| 000 | 00000nas 2200000za 4500 |
| 001 | 9.514634 |
| 003 | CaOODSP |
| 005 | 20241203113633 |
| 007 | ta |
| 008 | 150406c19809999abcuu m #||||f0 a0eng|d |
| 022 | # |a0714-1181 |
| 040 | |aCaOODSP|beng |
| 043 | |an-cn--- |
| 086 | 1 |aFo29-2E |
| 210 | 0 |aFor. manage. note |
| 222 | 0|aForest management note |
| 245 | 00|aForest management note |
| 260 | |aEdmonton : |bNorthern Forest Research Centre, |c1980- |
| 300 | |av.|bill.|c28 cm. |
| 362 | 0 |aBegan with Note no. 1. |
| 500 | |aIssued also in French under title: Bulletin de la gestion forestière. |
| 546 | |aSome issues are published in French. |
| 550 | |aImprint varies: Mar. 1985-199-, Northern Forestry Centre; 199-- Northwest Region, Forestry Canada. |
| 692 | 07|2gccst|aForest management |
| 710 | 1 |aCanada. |bEnvironment Canada. |
| 710 | 1 |aCanada. |bForestry Canada. |
| 710 | 2 |aNorthern Forest Research Centre (Canada) |
| 710 | 2 |aNorthern Forestry Centre (Canada) |
| 710 | 1 |aCanada. |bNatural Resources Canada. |bCanadian Forest Service. |
| 776 | 0#|tForest management note.|w(CaOODSP)9.845990 |